书目信息 |
| 题名: |
艺术家之路
|
|
| 作者: | 洛伊什 著 ;高玉洁 译 | |
| 分册: | 插画速写训练 | |
| 出版信息: | 北京 人民邮电出版社 2024.09 |
|
| 页数: | 149页 | |
| 开本: | 26×26cm | |
| 丛书名: | ||
| 单 册: | ||
| 中图分类: | J218.5 , J214 | |
| 科图分类: | ||
| 主题词: | 插图(绘画)--绘画技法 , 速写技法 | |
| 电子资源: | ||
| ISBN: | 978-7-115-63025-4 | |
| 000 | 01198nam0 2200289 450 | |
| 001 | 013291005 | |
| 005 | 20251023094205.62 | |
| 010 | @a978-7-115-63025-4@b精装@dCNY148.90 | |
| 100 | @a20241209d2024 em y0chiy0120 ea | |
| 101 | 1 | @achi@cdut |
| 102 | @aCN@b110000 | |
| 105 | @aa z 000yy | |
| 106 | @ar | |
| 200 | 1 | @a艺术家之路@9yi shu jia zhi lu@i插画速写训练@dThe sketchbook of Loish@f(荷)洛伊什著@g高玉洁译@zeng |
| 210 | @a北京@c人民邮电出版社@d2024.09 | |
| 215 | @a149页@c图@d26×26cm | |
| 305 | @a由3dtotal Publishing授权 | |
| 330 | @a本书以插画艺术家洛伊什的速写簿为切入点,为读者提供了一个独特的观察她的灵感来源和创作过程的视角,并由此深入了解速写在她作品中所起到的关键性作用。本书为读者展示了洛伊什的绘画风格、具有代表性的作品、使用的工具,以及创意和灵感的来源。本书还收录了洛伊什的绘画案例,分步骤地讲解了人物和场景的数字绘画过程,并附有实用且细致的技巧。 | |
| 510 | 1 | @aSketchbook of Loish@zeng |
| 606 | 0 | @a插图(绘画)@x绘画技法 |
| 606 | 0 | @a速写技法 |
| 690 | @aJ218.5@v5 | |
| 690 | @aJ214@v5 | |
| 701 | 0 | @c(荷)@a洛伊什@9luo yi shen@c(Loish)@4著 |
| 702 | 0 | @a高玉洁@9gao yu jie@4译 |
| 801 | 0 | @aCN@c20250915 |
| 905 | @a河南城建学院图书馆@dJ218.5@eL989:1@ZL989:1@f1 | |
| 艺术家之路.插画速写训练=The sketchbook of Loish/(荷)洛伊什著/高玉洁译.-北京:人民邮电出版社,2024.09 |
| 149页:图;26×26cm |
| ISBN 978-7-115-63025-4(精装):CNY148.90 |
| 本书以插画艺术家洛伊什的速写簿为切入点,为读者提供了一个独特的观察她的灵感来源和创作过程的视角,并由此深入了解速写在她作品中所起到的关键性作用。本书为读者展示了洛伊什的绘画风格、具有代表性的作品、使用的工具,以及创意和灵感的来源。本书还收录了洛伊什的绘画案例,分步骤地讲解了人物和场景的数字绘画过程,并附有实用且细致的技巧。 |
| ● |
| 相关链接 |
|
|
|
正题名:艺术家之路
索取号:J218.5/L989:1
 
预约/预借
| 序号 | 登录号 | 条形码 | 馆藏地/架位号 | 状态 | 备注 |
| 1 | 1634781 | 216347816 | 社科库309/309社科库 73排3列1层/ [索取号:J218.5/L989:1] | 在馆 |